Statistics for Orlando Magic Top 10 Leaders Playoffs

Click here to take the quiz!

General Stats

  • This quiz has been taken 42 times
  • The average score is 9 of 16

Answer Stats

Answer % Correct
Dwight Howard
97%
Shaquille O'Neal
94%
Penny Hardaway
91%
Tracy McGrady
76%
Hedo Turkoglu
74%
Nick Anderson
71%
Dennis Scott
71%
Jameer Nelson
65%
Horace Grant
62%
Rashard Lewis
59%
Darrell Armstrong
38%
J.J. Redick
24%
Marcin Gortat
12%
Rafer Alston
9%
Brian Shaw
6%
Mickael Pietrus
3%

Score Distribution

Percentile by Number Answered

Percent of People with Each Score

Your Score History

You have not taken this quiz